Els topáonims de la Ciutat i del Terme de Reus / (Record no. 23958)

MARC details
000 -LEADER
campo de control de longitud fija 00628nam a2200181 i 4500
001 - NÚMERO DE CONTROL
campo de control 23958
003 - IDENTIFICADOR DE NÚMERO DE CONTROL
campo de control ES-MaACL
005 - FECHA Y HORA DE LA ÚLTIMA TRANSACCIÓN
campo de control 20230906152950.0
007 - CAMPO FIJO DE DESCRIPCIÓN FÍSICA--INFORMACIÓN GENERAL
campo de control de longitud fija t|
008 - DATOS DE LONGITUD FIJA--INFORMACIÓN GENERAL
campo de control de longitud fija 021213s1957 sp ||||1| cat d
100 1# - ENTRADA PRINCIPAL--NOMBRE DE PERSONA
Nombre de persona Amigo Anglés, Ramón.
9 (RLIN) 21238
245 14 - MENCIÓN DEL TÍTULO
Título Els topáonims de la Ciutat i del Terme de Reus /
Mención de responsabilidad, etc. Ramón Amigo Anglés.
260 ## - PUBLICACIÓN, DISTRIBUCIÓN, ETC.
Lugar de publicación, distribución, etc. Reus :
Nombre del editor, distribuidor, etc. Asociación de Estudios Reusenses,
Fecha de publicación, distribución, etc. 1957 (
Fabricante Emporium)
300 ## - DESCRIPCIÓN FÍSICA
Extensión XXIX, 136 p. ;
Dimensiones 25 cm.
500 ## - NOTA GENERAL
Nota general Premi Eduard Brossa 1955 de la Societat Catalana de Geografía.
710 00 - ENTRADA AGREGADA--NOMBRE DE ENTIDAD CORPORATIVA
Nombre de entidad corporativa o nombre de jurisdicción como elemento de entrada Asociación de Estudios Reusenses.
9 (RLIN) 1590
852 ## - LOCALIZACIÓN
Ubicación ES-MaACL
Número de control de estantería C-14669
Sublocalización o colección R.42773
Holdings
Estatus retirado Estado de pérdida Estado de daño No para préstamo Biblioteca de origen Biblioteca actual Ubicación en estantería Fecha de adquisición Fuente de adquisición Total de préstamos Signatura topográfica completa Código de barras Visto por última vez Precio de reemplazo Tipo de ítem Koha
        Biblioteca del Ateneo de Madrid Biblioteca del Ateneo de Madrid Ficheros 17/01/2008     C-14669 1024694 23/02/2023 23/02/2023 Libro impreso